000 00792nam a2200265Ia 4500
003 OSt
005 20220928124807.0
006 a|||||r|||| 00| 0
007 ta
008 220927b |||||||| |||| 00| 0 eng d
020 _c295
024 _a110905
037 _b235, 09/02/2011, Pioneer Book Distributors
_cTextual
040 _aSDCL
_cSDCL
_beng
041 _2eng
_aeng
082 _aD6,8(B),277, N9
100 _aStallings William
_9391523
245 0 _aISDN and broadband ISDN with frame relay and ATM.
250 _a4
260 _aNew Delhi
_bPrentice-Hall of India
_c1999
300 _axvi,542p.
_ccm.
650 _aI I C
942 _hD6,8(B),277, N9
_cTEXL
_2CC
999 _c779804
_d779804